Welcome to CU Library Online Public Access Catalogue (OPAC)

The linguistic structure of modern English / (Record no. 9729)

MARC details
000 -LEADER
fixed length control field 01142cam a2200313 a 4500
001 - CONTROL NUMBER
control field 16099930
005 - DATE AND TIME OF LATEST TRANSACTION
control field 20260430130754.0
008 - FIXED-LENGTH DATA ELEMENTS--GENERAL INFORMATION
fixed length control field 100222s2010 ne a b 001 0 eng
020 ## - INTERNATIONAL STANDARD BOOK NUMBER
International Standard Book Number 9789027211712
Qualifying information hb : alk. paper
020 ## - INTERNATIONAL STANDARD BOOK NUMBER
International Standard Book Number 902721171X
Qualifying information hb : alk. paper
020 ## - INTERNATIONAL STANDARD BOOK NUMBER
International Standard Book Number 9789027211729
Qualifying information pb : alk. paper
020 ## - INTERNATIONAL STANDARD BOOK NUMBER
International Standard Book Number 9027211728
Qualifying information pb : alk. paper
020 ## - INTERNATIONAL STANDARD BOOK NUMBER
International Standard Book Number 9789027288240
Qualifying information eb : alk. paper
020 ## - INTERNATIONAL STANDARD BOOK NUMBER
International Standard Book Number 9027288240
Qualifying information eb : alk. paper
050 00 - LIBRARY OF CONGRESS CALL NUMBER
Classification number PE1106
Item number .B73 2010
082 00 - DEWEY DECIMAL CLASSIFICATION NUMBER
Classification number 425
Edition information 22
100 1# - MAIN ENTRY--PERSONAL NAME
Personal name Brinton, Laurel J.
245 14 - TITLE STATEMENT
Title The linguistic structure of modern English /
Statement of responsibility, etc. Laurel J. Brinton, Donna M. Brinton.
250 ## - EDITION STATEMENT
Edition statement Rev. ed.
260 ## - PUBLICATION, DISTRIBUTION, ETC.
Place of publication, distribution, etc. Amsterdam ;
-- Philadelphia :
Name of publisher, distributor, etc. John Benjamins Pub. Co.,
Date of publication, distribution, etc. c2010.
300 ## - PHYSICAL DESCRIPTION
Extent xx, 426 p. :
Other physical details ill. ;
Dimensions 24 cm.
500 ## - GENERAL NOTE
General note Previously published as: The structure of modern English : a linguistic introduction, c2000.
650 #0 - SUBJECT ADDED ENTRY--TOPICAL TERM
Topical term or geographic name entry element English language
General subdivision Grammar.
650 #0 - SUBJECT ADDED ENTRY--TOPICAL TERM
Topical term or geographic name entry element English language
General subdivision Phonology.
650 #0 - SUBJECT ADDED ENTRY--TOPICAL TERM
Topical term or geographic name entry element English language
General subdivision Syntax.
700 1# - ADDED ENTRY--PERSONAL NAME
Personal name Brinton, Donna.
700 12 - ADDED ENTRY--PERSONAL NAME
Personal name Brinton, Laurel J.
Title of a work Structure of modern English.
942 ## - ADDED ENTRY ELEMENTS (KOHA)
Source of classification or shelving scheme Library of Congress Classification
Koha item type Books
Edition Rev. Ed.
Suppress in OPAC No
999 ## -
-- 9729
-- 9729
Holdings
Withdrawn status Lost status Source of classification or shelving scheme Damaged status Not for loan Collection Home library Current library Shelving location Date acquired Total checkouts Full call number Barcode Date last seen Copy number Price effective from Koha item type
    Library of Congress Classification     Non-fiction Business Library (Miotso) Business Library (Miotso) General stacks 03/27/2026   PE1106 .B73 2010 BSSM00004053 04/30/2026 1 03/27/2026 Books
© 2023-2024 Copyright: Central University Libraries. All Rights Reserved | Created by: Mahone Tech Office